Statistics for Biggest Cities in the NATO by Letter - F

Click here to take the quiz!

General Stats

  • This quiz has been taken 32 times
  • The average score is 8 of 20

Answer Stats

RankPopulationCountryHintCity% Correct
2733,000GermanyMajor financial centreFrankfurt am Main
100%
4383,000ItalyBirthplace of the Renaissance, DavidFlorence
96%
1854,000United StatesThe 'FW' of airport code DFWFort Worth
85%
3522,000United StatesCentral ValleyFresno
63%
11179,000United StatesPort Everglades, "Venice of America"Fort Lauderdale
52%
18121,000United StatesBiggest city in North DakotaFargo
48%
5264,000United StatesKekionga, IndianaFort Wayne
48%
20112,000PortugalCapital city of MadeiraFunchal
44%
7226,000GermanyBlack Forest, River DreisamFreiburg im Breisgau
41%
13164,000United StatesAbbreviation for San Francisco (disparaging)Frisco
41%
12164,000United StatesColorado State UniversityFort Collins
26%
14152,000ItalySanta Maria de FoveaFoggia
22%
15141,000United StatesCal StateFullerton
22%
6233,000United StatesTesla Factory, Afghan AmericansFremont
19%
9205,000United StatesFort BraggFayetteville
19%
8210,000United StatesAuto Club SpeedwayFontana
15%
16133,000ItalyNear the Po RiverFerrara
7%
17124,000GermanyFirst German railway lineFürth
7%
19118,000ItalyCentral city of RomagnaForlì
7%
10195,000SpainOne of the bigger suburbs of MadridFuenlabrada
0%

Score Distribution

Percentile by Number Answered

Percent of People with Each Score

Your Score History

You have not taken this quiz